Normal view
MARC view
- Broadband amplifiers
Entry Topical Term
001 - CONTROL NUMBER
- control field: 105183
003 - CONTROL NUMBER IDENTIFIER
- control field: NUST
005 - DATE AND TIME OF LATEST TRANSACTION
- control field: 20221219112216.0
008 - FIXED-LENGTH DATA ELEMENTS
- fixed length control field: 221219|| aca||aabn | a|a d
040 ## - CATALOGING SOURCE
- Original cataloging agency: NUST
- Transcribing agency: NUST
150 ## - HEADING--TOPICAL TERM
- Topical term or geographic name entry element: Broadband amplifiers
670 ## - SOURCE DATA FOUND
- Source citation: Work cat.: (NUST)193644: Sackinger, Eduard, 58921, Broadband circuits for optical fiber communication /, c2005.
